Information Warfare (Record no. 9260)

MARC details
000 -LEADER
fixed length control field 00472nam a22001817a 4500
003 - CONTROL NUMBER IDENTIFIER
control field OSt
005 - DATE AND TIME OF LATEST TRANSACTION
control field 20240723101803.0
008 - FIXED-LENGTH DATA ELEMENTS--GENERAL INFORMATION
fixed length control field 240723b |||||||| |||| 00| 0 eng d
020 ## - INTERNATIONAL STANDARD BOOK NUMBER
International Standard Book Number 9781848210943
040 ## - CATALOGING SOURCE
Transcribing agency MUST
082 ## - DEWEY DECIMAL CLASSIFICATION NUMBER
Classification number 355.3 VEN 2009
100 ## - MAIN ENTRY--PERSONAL NAME
Personal name Ventre Daniel
9 (RLIN) 18926
245 ## - TITLE STATEMENT
Title Information Warfare
Statement of responsibility, etc. Daniel Ventre
300 ## - PHYSICAL DESCRIPTION
Extent ix, 303p.
Other physical details ill.
Dimensions 23cm.
504 ## - BIBLIOGRAPHY, ETC. NOTE
Bibliography, etc bibliographies and indexes.
650 ## - SUBJECT ADDED ENTRY--TOPICAL TERM
Source of heading or term Business Intelligence
942 ## - ADDED ENTRY ELEMENTS (KOHA)
Source of classification or shelving scheme Dewey Decimal Classification
Koha item type Open Shelf
Holdings
Withdrawn status Lost status Source of classification or shelving scheme Damaged status Not for loan Home library Current library Date acquired Source of acquisition Inventory number Total Checkouts Full call number Barcode Date last seen Price effective from Koha item type
    Dewey Decimal Classification     MUST Main Library MUST Main Library 23/07/2024 Donation 14/ 38275   355.3 VEN 2009 2024-22097 23/07/2024 23/07/2024 Open Shelf